| 000 | 00614nam a2200181 i 4500 | ||
|---|---|---|---|
| 001 | 69965 | ||
| 003 | ES-MaACL | ||
| 005 | 20250624062524.0 | ||
| 007 | t| | ||
| 008 | 040714s1925 sp ||||1| spa d | ||
| 100 | 1 |
_aGarcía Martí, Victoriano, _d1881-1966 _954896 |
|
| 245 | 1 | 0 |
_aDe la felicidad _b: (eternas inquietudes) / _cVictoriano García Martí ; prólogo de Ramón del Valle-Inclán. |
| 260 |
_aMadrid : _b[s.n., _c1925] ( _fYagües) |
||
| 300 |
_a205 p. ; _c19 cm. |
||
| 700 | 1 |
_aValle-Inclán, Ramón del, _d1866-1936 _9112796 |
|
| 852 |
_aES-MaACL _jF-5302 _bR.4832 |
||
| 999 |
_c69965 _d69965 |
||